| Tag |
First Indicator |
Second Indicator |
Subfields |
| LEADER |
00000cam a2200000 a 4500 |
| 001 |
in00001406724 |
| 005 |
20151020072900.0 |
| 008 |
970710s1998 nyua b 001 0 eng |
| 010 |
|
|
|a 97018388
|
| 020 |
|
|
|a 0471183105 (alk. paper)
|
| 020 |
|
|
|a 047119493X (pbk. : alk. paper)
|
| 035 |
|
|
|a (OCoLC)37310641
|
| 035 |
|
|
|9 AHQ3679AM
|
| 040 |
|
|
|a DLC
|c DLC
|d TJM
|d TXA
|d UtOrBLW
|
| 049 |
|
|
|a TXAM
|
| 050 |
0 |
0 |
|a QP552.G16
|b I335 1998
|
| 082 |
0 |
0 |
|a 572/.6
|2 21
|
| 096 |
|
|
|a QU 55 I19 1998
|
| 245 |
0 |
0 |
|a Identification and expression of G-protein coupled receptors /
|c edited by Kevin R. Lynch.
|
| 264 |
|
1 |
|a New York :
|b Wiley-Liss,
|c [1998]
|
| 264 |
|
4 |
|c ©1998
|
| 300 |
|
|
|a xii, 222 pages :
|b illustrations ;
|c 26 cm.
|
| 336 |
|
|
|a text
|b txt
|2 rdacontent
|
| 337 |
|
|
|a unmediated
|b n
|2 rdamedia
|
| 338 |
|
|
|a volume
|b nc
|2 rdacarrier
|
| 490 |
1 |
|
|a Receptor biochemistry and methodology
|
| 500 |
|
|
|a "A John Wiley & Sons, Inc., publication."
|
| 504 |
|
|
|a Includes bibliographical references and index.
|
| 650 |
|
0 |
|a G proteins
|x Recpetors
|x Research
|x Methodology.
|
| 650 |
|
0 |
|a Molecular cloning.
|
| 650 |
|
2 |
|a GTP-Binding Proteins.
|
| 650 |
|
2 |
|a Receptors, Cell Surface.
|
| 700 |
1 |
|
|a Lynch, Kevin R.
|
| 830 |
|
0 |
|a Receptor biochemistry and methodology (Unnumbered)
|
| 948 |
|
|
|a c:cer
|
| 999 |
|
|
|a MARS
|
| 999 |
f |
f |
|s e31f1419-6a75-3631-99b0-de74bd46f836
|i e99ff879-2e23-30a9-a018-94f926e7f1d4
|t 0
|
| 952 |
f |
f |
|p ric
|a Texas A&M University
|b Rellis Campus
|c Joint Library Facility
|d Remote Storage
|t 0
|e QP552.G16 I335 1998
|h Library of Congress classification
|i unmediated -- volume
|m A14822564019
|
| 998 |
f |
f |
|a QP552.G16 I335 1998
|t 0
|l Remote Storage
|